[Event "4th Stage Russian Cup"]
[Site "Samara RUS"]
[Date "2002.08.02"]
[Round "8"]
[White "Belozerov,A"]
[Black "Arzumanian,G"]
[Result "1-0"]
[WhiteElo "2541"]
[BlackElo "2461"]
[EventDate "2002.07.26"]

1. d4 d5 2. c4 e6 3. Nf3 c6 4. Bg5 f6 5. Bd2 Bd6 6. Qc2 f5 7. Bg5 Nf6 8.
Nc3 O-O 9. e3 Kh8 10. Bd3 Na6 11. a3 dxc4 12. Bxc4 b5 13. Be2 b4 14. axb4
Nxb4 15. Qa4 a5 16. O-O Qe8 17. Bf4 Be7 18. Nd2 Nfd5 19. Be5 Bb7 20. Nc4
Qg6 21. Nxd5 Nxd5 22. Bf3 Ba6 23. Rfc1 Bb5 24. Qd1 f4 25. e4 Bxc4 26. Rxc4
Nb4 27. Bc7 Ra7 28. Bb6 Ra6 29. Bc5 Bxc5 30. Rxc5 Rfa8 31. Qd2 Qf7 32. Qc3
Qd7 33. Qc4 h6 34. h3 Rd8 35. Rd1 Re8 36. Re5 Raa8 37. Bg4 Rad8 38. Rxa5
Qd6 39. Re5 Re7 40. Rxe6 Rxe6 41. Bxe6 c5 42. e5 Qc7 43. Bg4 Rd5 44. Bf3
1-0

[Event "4th Stage Russian Cup"]
[Site "Samara RUS"]
[Date "2002.08.02"]
[Round "8"]
[White "Grebionkin,Vl"]
[Black "Fominyh,A"]
[Result "1-0"]
[WhiteElo "2475"]
[BlackElo "2530"]
[EventDate "2002.07.26"]

1. c4 Nf6 2. Nf3 c5 3. Nc3 e6 4. g3 b6 5. Bg2 Bb7 6. O-O Be7 7. b3 O-O 8.
Bb2 d6 9. e3 Nbd7 10. Qe2 a6 11. Rfd1 Ra7 12. d4 cxd4 13. exd4 d5 14. Ne5
dxc4 15. Bxb7 Rxb7 16. Nc6 Qe8 17. d5 Nc5 18. Nxe7+ Rxe7 19. d6 Rd7 20.
Qxc4 Qa8 21. Na4 Nxa4 22. Bxf6 gxf6 23. Qxa4 Rfd8 24. Qg4+ Kf8 25. Qf4 Kg7
26. Rd3 e5 27. Qg4+ Kh6 28. Rf3 1-0

[Event "4th Stage Russian Cup"]
[Site "Samara RUS"]
[Date "2002.08.02"]
[Round "8"]
[White "Obukhov,A"]
[Black "Loginov,Va"]
[Result "0-1"]
[WhiteElo "2444"]
[BlackElo "2526"]
[EventDate "2002.07.26"]

1. e4 c5 2. Nf3 d6 3. c3 Nf6 4. Be2 g6 5. O-O Bg7 6. Re1 O-O 7. Bf1 Nc6 8.
h3 e5 9. Na3 d5 10. exd5 Nxd5 11. Nc4 Re8 12. d3 h6 13. Ne3 b6 14. a3 Kh7
15. Rb1 Be6 16. Ng4 Bf5 17. g3 Rc8 18. c4 Nc7 19. b4 cxb4 20. axb4 b5 21.
Ne3 Be6 22. Bb2 Qd7 23. Kh2 f5 24. cxb5 Nxb5 25. Nc4 e4 26. dxe4 Qxd1 27.
Rbxd1 Bxb2 28. Nxb2 Nc3 29. Ra1 fxe4 30. Nd2 Bd5 31. b5 Nd4 32. Rxa7+ Kh8
33. Rd7 Rf8 34. Kg1 Nc2 35. Rc1 Na2 36. Rd1 Nc3 37. Rxd5 Nxd5 38. Nxe4 Ncb4
39. Nc4 Rb8 40. Ncd6 Nb6 41. Nc5 N4d5 42. Bg2 Rf6 43. Nde4 Rf7 44. Na6 Rbf8
45. h4 Re7 46. Nac5 Rc8 47. Bh3 Rce8 48. Bg2 Rc8 49. Rd4 Re5 50. Na4 Rc4
51. Rxc4 Nxc4 52. Nec3 Nxc3 53. Nxc3 Rc5 54. Bc6 Ne5 55. Ne4 Rc1+ 56. Kg2
Nxc6 57. bxc6 Rxc6 58. g4 Kg7 59. f4 Ra6 60. g5 h5 61. Nf6 Ra2+ 62. Kg3 Ra5
63. Nd7 Ra3+ 64. Kg2 Kf7 65. Ne5+ Ke6 66. Nxg6 Kf5 67. Ne7+ Kxf4 68. g6
Rg3+ 69. Kh2 Rg4 70. Nd5+ Ke5 0-1

[Event "4th Stage Russian Cup"]
[Site "Samara RUS"]
[Date "2002.08.02"]
[Round "8"]
[White "Bezgodov,A"]
[Black "Kurnosov,I"]
[Result "1/2-1/2"]
[WhiteElo "2518"]
[BlackElo "2433"]
[EventDate "2002.07.26"]

1. e4 c5 2. Nf3 d6 3. d4 Nf6 4. Nc3 cxd4 5. Nxd4 Bd7 6. Rg1 Nc6 7. g4 Nxd4
8. Qxd4 Nxg4 9. Rxg4 Bxg4 10. e5 Bf3 11. Bf4 dxe5 12. Qxe5 Qd6 13. Nb5
Qxe5+ 14. Bxe5 Rd8 15. Nxa7 f6 16. Bc7 Ra8 17. Bb6 e6 18. Kd2 Be7 19. a4
Bd8 20. a5 Kf7 21. Ke3 Bxb6+ 22. axb6 Bc6 23. b4 f5 24. Ra5 Ke7 25. c4 f4+
26. Kd4 Bf3 27. Ke5 Raf8 28. Bh3 Rf6 29. Rc5 Rd8 30. Nc8+ Kf8 31. Nd6 Rh6
32. Bxe6 Rh5+ 33. Nf5 g6 34. Kxf4 Bc6 35. Ne3 Rd4+ 36. Kg3 Rxc5 37. bxc5
Ke7 38. Bg8 Rd8 39. Nd5+ Kf8 40. Be6 Ra8 41. Nb4 Ke7 42. Nxc6+ Kxe6 43. Na7
Kd7 44. f4 Rf8 45. Nb5 Rf5 46. c6+ bxc6 47. Nd4 Ra5 48. Kg4 Ra4 49. b7 Kc7
50. Nxc6 Kxb7 51. Ne5 Ra2 52. h4 Rg2+ 53. Kf3 Rg1 54. Nf7 Kc6 55. Ng5 Kc5
56. Nxh7 Kxc4 57. Nf6 Kc5 58. h5 1/2-1/2

[Event "4th Stage Russian Cup"]
[Site "Samara RUS"]
[Date "2002.08.02"]
[Round "8"]
[White "Solovjov,S"]
[Black "Tunik,G"]
[Result "1/2-1/2"]
[WhiteElo "2457"]
[BlackElo "2505"]
[EventDate "2002.07.26"]

1. e4 c5 2. Nf3 e6 3. d4 cxd4 4. Nxd4 Nc6 5. Nc3 a6 6. Be3 Nf6 7. Qd2 Bb4
8. f3 d5 9. a3 Be7 10. exd5 Nxd5 11. Nxd5 exd5 12. O-O-O O-O 13. h4 Re8 14.
g4 Bd7 15. g5 Qa5 16. Qxa5 Nxa5 17. Bf4 b5 18. Bd3 g6 19. c3 Bf8 20. Rh2
Bg7 21. h5 Rac8 22. Kb1 Nc6 23. Bc2 Ne5 24. Bc1 Nc4 25. Rdh1 Re7 26. f4
Rce8 27. f5 gxf5 28. Nxf5 Bxf5 29. Bxf5 Re1 30. h6 Bf8 31. Rxe1 Rxe1 32.
Bc8 Bd6 33. Rc2 Bf4 34. Bxa6 Nd6 35. b3 f6 36. gxf6 Bxh6 37. Kb2 Bxc1+ 38.
Rxc1 Rxc1 39. Kxc1 Kf7 40. a4 bxa4 41. bxa4 Kxf6 42. Bd3 h5 43. a5 1/2-1/2

[Event "4th Stage Russian Cup"]
[Site "Samara RUS"]
[Date "2002.08.02"]
[Round "8"]
[White "Alavkin,A"]
[Black "Shestoperov,A"]
[Result "1/2-1/2"]
[WhiteElo "2498"]
[BlackElo "2458"]
[EventDate "2002.07.26"]

1. e4 c5 2. Nf3 e6 3. c3 Nf6 4. e5 Nd5 5. d4 cxd4 6. cxd4 d6 7. a3 Nc6 8.
Bd3 Be7 9. O-O O-O 10. Re1 Re8 11. h4 dxe5 12. dxe5 Bxh4 13. g3 Be7 14. Kg2
g6 15. Rh1 f5 16. Rxh7 Kxh7 17. Qh1+ Bh4 18. Bg5 Qd7 19. Qxh4+ Kg8 20. Nbd2
Qh7 21. Bh6 Qe7 22. Bg5 Qh7 23. Bh6 Qe7 24. Bg5 1/2-1/2

[Event "4th Stage Russian Cup"]
[Site "Samara RUS"]
[Date "2002.08.02"]
[Round "8"]
[White "Lysyj,I"]
[Black "Iskusnyh,S"]
[Result "1/2-1/2"]
[WhiteElo "2382"]
[BlackElo "2485"]
[EventDate "2002.07.26"]

1. d4 Nf6 2. Nf3 d5 3. c4 c6 4. e3 a6 5. Bd3 Bg4 6. Qb3 Bxf3 7. gxf3 Qc7 8.
Nc3 e6 9. Bd2 Nbd7 10. Rc1 Bd6 11. c5 Be7 12. f4 O-O 13. Qc2 g6 14. Ke2 Nh5
15. Kf1 Ng7 16. Ne2 Nf5 17. Ng3 Bf6 18. b4 Qd8 19. Ke2 Bg7 20. a4 Qh4 21.
Rcg1 Nf6 22. Be1 Rfe8 23. Kd1 Ng4 24. Qe2 Ngh6 25. Bc3 Rab8 26. Kc2 Bf8 27.
Rb1 Ra8 28. Nf1 Ng4 29. Be1 Bg7 30. Nd2 Qh3 31. Nf3 Nf6 32. Ng5 Qh4 33. Bc3
Nh5 34. Nf3 Qe7 35. Ra1 Nf6 36. Nd2 Nd7 37. Rhb1 Rec8 38. Nf3 Bf6 39. Kd2
Bg7 40. Rc1 Rd8 41. Ke1 Re8 42. Kf1 Nh4 43. Kg1 Nxf3+ 44. Qxf3 f5 1/2-1/2

[Event "4th Stage Russian Cup"]
[Site "Samara RUS"]
[Date "2002.08.02"]
[Round "8"]
[White "Skatchkov,P"]
[Black "Matveeva,S"]
[Result "0-1"]
[WhiteElo "2485"]
[BlackElo "2448"]
[EventDate "2002.07.26"]

1. d4 Nf6 2. Nf3 g6 3. c3 Bg7 4. Bg5 d5 5. Nbd2 O-O 6. e3 Nbd7 7. Bd3 c5 8.
O-O b6 9. h3 Bb7 10. a4 Re8 11. Bc2 e5 12. dxe5 Nxe5 13. Nxe5 Rxe5 14. Bf4
Re7 15. a5 d4 16. cxd4 cxd4 17. exd4 Qxd4 18. Ra4 Qd5 19. Nf3 bxa5 20. Bb3
Qb5 21. Nd4 Qb6 22. Be3 Rd7 23. Qc2 Rc8 24. Rc4 Rxc4 25. Qxc4 Ba6 26. Qa4
Bxf1 27. Kxf1 Qb7 28. Nc6 Nd5 29. Bc5 Nb6 30. Qe4 Bf8 31. Qe8 Qc8 32. Qxc8
Nxc8 33. Be3 Bg7 34. Nxa5 Bxb2 35. Ba4 Rd5 36. Nc6 Bc3 37. Bxa7 Rd2 38. Be3
Rb2 39. Bd1 Nd6 40. Ne7+ Kg7 41. Nd5 Be5 0-1

[Event "4th Stage Russian Cup"]
[Site "Samara RUS"]
[Date "2002.08.02"]
[Round "8"]
[White "Karpeshov,O"]
[Black "Kokarev,D"]
[Result "1/2-1/2"]
[WhiteElo "2408"]
[BlackElo "2495"]
[EventDate "2002.07.26"]

1. d4 Nf6 2. c4 g6 3. Nc3 Bg7 4. e4 O-O 5. Nf3 d6 6. Be2 e5 7. Be3 c6 8. d5
Ng4 9. Bg5 f6 10. Bh4 h5 11. Nd2 c5 12. O-O Nh6 13. f3 Nf7 14. Rb1 Bh6 15.
Bf2 f5 16. b4 Nd7 17. a3 f4 18. bxc5 dxc5 19. Nb3 b6 20. a4 a5 21. Nb5 Qf6
22. Nc1 Nd6 23. Nxd6 Qxd6 24. Nd3 Ba6 25. Qb3 Rae8 26. Be1 g5 27. Bc3 Rf6
28. Nf2 Rg6 29. Rb2 Kh7 30. Rfb1 Reg8 31. Qd1 Bf8 32. Kf1 Be7 33. h3 Bd8
34. Ke1 Bc8 35. Kd2 Bc7 36. Nd3 Re8 37. Kc2 Nb8 38. Kb3 Na6 39. Ra1 Qe7 40.
Rbb1 Bd6 41. Qg1 Qc7 42. Rc1 Bd7 43. Qf2 Nb4 44. Rh1 h4 45. Rhc1 Rb8 46.
Nb2 Kh8 1/2-1/2

[Event "4th Stage Russian Cup"]
[Site "Samara RUS"]
[Date "2002.08.02"]
[Round "8"]
[White "Iljin,A"]
[Black "Tishin,P"]
[Result "1-0"]
[WhiteElo "2450"]
[BlackElo "2513"]
[EventDate "2002.07.26"]

1. Nf3 Nc6 2. c4 e5 3. Nc3 Nf6 4. d4 exd4 5. Nxd4 Bb4 6. Bg5 h6 7. Bh4 O-O
8. Rc1 g5 9. Bg3 d5 10. Nxc6 bxc6 11. e3 h5 12. Qd4 Ne4 13. cxd5 Bxc3+ 14.
bxc3 cxd5 15. f3 c5 16. Qd3 Nf6 17. Be2 Re8 18. O-O Qe7 19. Bf2 Be6 20. c4
Rab8 21. Qd2 dxc4 22. e4 Nd7 23. Bxc4 Nf8 24. Qa5 Rec8 25. Ba6 c4 26. Bxc8
Rxc8 27. Qxa7 Rc7 28. Qa5 1-0

[Event "4th Stage Russian Cup"]
[Site "Samara RUS"]
[Date "2002.08.02"]
[Round "8"]
[White "Makarov,M"]
[Black "Kosintseva,N"]
[Result "0-1"]
[WhiteElo "2512"]
[BlackElo "2394"]
[EventDate "2002.07.26"]

1. Nf3 f5 2. g3 Nf6 3. Bg2 g6 4. O-O Bg7 5. d4 O-O 6. c4 d6 7. Nc3 c6 8.
Re1 Na6 9. e4 fxe4 10. Nxe4 Nxe4 11. Rxe4 Bf5 12. Re1 e5 13. dxe5 dxe5 14.
Bg5 Qc7 15. Qd2 Nc5 16. Nh4 Ne6 17. Be3 Rad8 18. Qc1 Bd3 19. Nf3 e4 20. Ng5
Nxg5 21. Bxg5 Rde8 22. Be3 Qe5 23. Bxa7 Qxb2 24. Qxb2 Bxb2 25. Rad1 Bc3 26.
Re3 Ra8 27. Bc5 Rf5 28. Bb6 Ra6 29. c5 Rxa2 30. Bxe4 Bxe4 31. Rxe4 Rfxf2
32. Rd8+ Kg7 33. Rd7+ Kh6 34. Rh4+ Kg5 35. Bd8+ Bf6 36. Bxf6+ Kxf6 37.
Rhxh7 Rg2+ 38. Kh1 Rgc2 39. Rd1 Rab2 40. g4 Rxc5 41. h4 Rcc2 42. g5+ Kf5
43. Rf7+ Kg4 44. Rg7 Kh3 45. Rd3+ Kxh4 0-1

[Event "4th Stage Russian Cup"]
[Site "Samara RUS"]
[Date "2002.08.02"]
[Round "8"]
[White "Yandemirov,V"]
[Black "Simantsev,M"]
[Result "1-0"]
[WhiteElo "2502"]
[BlackElo "2401"]
[EventDate "2002.07.26"]

1. e4 c5 2. Nf3 d6 3. d4 Nf6 4. dxc5 Nxe4 5. cxd6 Nxd6 6. Bf4 Bg4 7. Bxd6
Qxd6 8. Qxd6 exd6 9. Be2 Nc6 10. Nc3 O-O-O 11. O-O-O Be7 12. Nd4 Bxe2 13.
Ndxe2 Rhe8 14. Rhe1 f5 15. Nd5 Bg5+ 16. f4 Bh6 17. Ng1 Rxe1 18. Rxe1 Kd7
19. Nf3 Re8 20. Rxe8 Kxe8 21. g3 Ne7 22. c4 Nxd5 23. cxd5 g6 24. Nd4 Bg7
25. Nb5 Kd7 26. Nxa7 Bd4 27. Nb5 Bg1 28. Nc3 h5 29. Kd2 Kc7 30. Ne2 Bf2 31.
Kd3 Kb6 32. Kc4 Ka6 33. a4 Ka5 34. b4+ Kb6 35. Nd4 Bg1 36. Nf3 Bf2 37. Kd3
Ka6 38. Ke2 Ba7 39. Nh4 b5 40. axb5+ Kxb5 41. Nxg6 1-0

[Event "4th Stage Russian Cup"]
[Site "Samara RUS"]
[Date "2002.08.02"]
[Round "8"]
[White "Shinkevich,V"]
[Black "Tihonov,J"]
[Result "0-1"]
[WhiteElo "2487"]
[BlackElo "2382"]
[EventDate "2002.07.26"]

1. e4 c5 2. Nf3 d6 3. d4 cxd4 4. Nxd4 Nf6 5. Nc3 a6 6. Bg5 Nbd7 7. Bc4 e6
8. a4 h6 9. Bh4 g5 10. Bg3 Ne5 11. Bb3 Ng6 12. f3 Be7 13. Qd2 Bd7 14. Bf2
Rc8 15. a5 Rc5 16. Ba4 Bxa4 17. Nxa4 Rxa5 18. Nb3 Rb5 19. Nc3 Rb4 20. Nd5
Rb5 21. Nc3 Rb4 22. Nd5 Rc4 23. Nxf6+ Bxf6 24. Na5 Rc7 25. Bb6 Bxb2 26.
Nxb7 Qd7 27. Nxd6+ Ke7 28. Bxc7 Qxc7 29. Nb5 Qe5 30. Rxa6 Qxb5 31. Ra7+ Kf6
32. h4 Qc5 33. Ra5 Qc7 34. hxg5+ Kg7 35. c4 Be5 36. gxh6+ Kh7 37. O-O Rd8
38. Qa2 Bd4+ 39. Kh1 Qg3 40. Rh5 Nh4 41. f4 Rg8 42. Qe2 Rg4 43. Rg5 Nf3 44.
Rg7+ Kxh6 0-1

[Event "4th Stage Russian Cup"]
[Site "Samara RUS"]
[Date "2002.08.02"]
[Round "8"]
[White "Kosintseva,T"]
[Black "Kovalevskaya,E"]
[Result "1/2-1/2"]
[WhiteElo "2441"]
[BlackElo "2486"]
[EventDate "2002.07.26"]

1. e4 c5 2. Nf3 Nc6 3. d4 cxd4 4. Nxd4 e5 5. Nb5 d6 6. N1c3 a6 7. Na3 b5 8.
Nd5 Nf6 9. Bg5 Be7 10. Bxf6 Bxf6 11. c3 O-O 12. Nc2 Bg5 13. a4 bxa4 14.
Rxa4 a5 15. Bb5 Bb7 16. O-O Ne7 17. Bc4 Rc8 18. Nxe7+ Qxe7 19. Bd5 Rc5 20.
Bxb7 Qxb7 21. Qxd6 Be7 22. Qd1 Qxb2 23. Ne3 Bg5 24. Nd5 Bd2 25. Qg4 Kh8 26.
c4 Bb4 27. Ne3 Rc6 28. Rfa1 Rg6 29. Qd1 Bc5 30. Nd5 Bd4 31. Rxa5 Qb7 32.
Qd3 Qd7 33. h3 h6 34. Rb1 Qd8 35. Rab5 Qh4 36. Qf3 Rg3 37. Qf5 Rg5 38. Qf3
Rg3 39. Qf5 Rg5 40. Qf3 Rg3 41. Qf5 1/2-1/2

[Event "4th Stage Russian Cup"]
[Site "Samara RUS"]
[Date "2002.08.02"]
[Round "8"]
[White "Zakharevich,I"]
[Black "Yandarbiev,R"]
[Result "1-0"]
[WhiteElo "2463"]
[BlackElo "2357"]
[EventDate "2002.07.26"]

1. d4 Nf6 2. Nf3 g6 3. g3 Bg7 4. Bg2 O-O 5. O-O d5 6. c4 dxc4 7. Na3 c3 8.
bxc3 c5 9. Nc4 Nc6 10. Ba3 Nd5 11. Rc1 Nb6 12. Nce5 Nxe5 13. Nxe5 cxd4 14.
cxd4 Rb8 15. e3 Be6 16. Qe2 f6 17. Nd3 Bc4 18. Rfd1 Re8 19. Qc2 Bd5 20. e4
Bf7 21. d5 Rc8 22. Qb3 Rxc1 23. Bxc1 e6 24. Nc5 exd5 25. exd5 Qc8 26. Ba3
Bf8 27. Ne4 Qd8 28. Qc3 Nd7 29. Bb2 Bg7 30. Nd6 Re2 31. Nxf7 Kxf7 32. d6
Kf8 33. Bf3 Re5 34. Qc7 Re8 35. Bxb7 Nb6 36. Bc6 Qxc7 37. dxc7 Rc8 38. Rd8+
Ke7 39. Ba3+ Ke6 40. Bd7+ 1-0

[Event "4th Stage Russian Cup"]
[Site "Samara RUS"]
[Date "2002.08.02"]
[Round "8"]
[White "Geller,J"]
[Black "Bryzgalin,K"]
[Result "1/2-1/2"]
[WhiteElo "2406"]
[BlackElo "2446"]
[EventDate "2002.07.26"]

1. e4 e5 2. Nf3 Nc6 3. Bb5 a6 4. Ba4 Nf6 5. O-O Be7 6. Bxc6 dxc6 7. d3 Nd7
8. Nbd2 O-O 9. Nc4 Bf6 10. b3 Re8 11. Bb2 c5 12. a4 b6 13. h3 a5 14. Nh2
Nb8 15. Ne3 Nc6 16. Nhg4 Bg5 17. Nc4 f6 1/2-1/2

[Event "4th Stage Russian Cup"]
[Site "Samara RUS"]
[Date "2002.08.02"]
[Round "8"]
[White "Azarov,S"]
[Black "Kraev,A"]
[Result "1-0"]
[WhiteElo "2532"]
[BlackElo "2330"]
[EventDate "2002.07.26"]

1. e4 c6 2. Nf3 d5 3. Nc3 Bg4 4. h3 Bxf3 5. Qxf3 e6 6. d4 Nf6 7. Bd3 Be7 8.
e5 Nfd7 9. Ne2 c5 10. c3 cxd4 11. cxd4 Bb4+ 12. Kf1 Nc6 13. Be3 Qb6 14. a3
Be7 15. b4 g6 16. h4 f6 17. exf6 Bxf6 18. h5 Ke7 19. Re1 g5 20. Qg4 h6 21.
Nc3 Kd8 22. Qxe6 Nxd4 23. Qxd5 Rc8 24. Nb5 Qc6 25. Qxc6 Nxc6 26. Bf5 Nce5
27. Nxa7 Ra8 28. Nb5 Ke7 29. g4 Kf7 30. Kg2 Kg7 31. Rc1 Rhc8 32. Nc7 1-0

[Event "4th Stage Russian Cup"]
[Site "Samara RUS"]
[Date "2002.08.02"]
[Round "8"]
[White "Kuporosov,V"]
[Black "Kurenkov,N"]
[Result "1/2-1/2"]
[WhiteElo "2486"]
[BlackElo "2381"]
[EventDate "2002.07.26"]

1. Nf3 Nf6 2. c4 g6 3. g3 Bg7 4. Bg2 O-O 5. O-O d6 6. d4 Nc6 7. Nc3 Bf5 8.
b3 Ne4 9. Bb2 Nxc3 10. Bxc3 Be4 1/2-1/2

[Event "4th Stage Russian Cup"]
[Site "Samara RUS"]
[Date "2002.08.02"]
[Round "8"]
[White "Frolov,D"]
[Black "Abrashkin,B"]
[Result "1/2-1/2"]
[WhiteElo "2459"]
[BlackElo "2379"]
[EventDate "2002.07.26"]

1. e4 Nf6 2. e5 Nd5 3. c4 Nb6 4. c5 Nd5 5. Nc3 e6 6. d4 b6 7. cxb6 axb6 8.
Nxd5 exd5 9. Nf3 Be7 10. Bd3 Ba6 11. O-O c6 12. Ne1 O-O 13. f4 f5 14. Nf3
Bxd3 15. Qxd3 Na6 16. Bd2 Nc7 17. Kh1 b5 18. a3 Ne6 19. g3 g6 20. Kg2 Qb6
21. Rfc1 Ra6 22. h3 Rfa8 23. b4 Ra4 24. Kh2 Rf8 25. Rg1 Qd8 26. Rg2 Qe8 27.
Rag1 Qf7 28. Bc1 1/2-1/2

[Event "4th Stage Russian Cup"]
[Site "Samara RUS"]
[Date "2002.08.02"]
[Round "8"]
[White "Yashtylov,A"]
[Black "Pridorozhni,A"]
[Result "1/2-1/2"]
[WhiteElo "2381"]
[BlackElo "2453"]
[EventDate "2002.07.26"]

1. d4 d5 2. c4 c6 3. e3 Nf6 4. Nc3 e6 5. a3 Nbd7 6. Bd3 dxc4 7. Bxc4 Bd6 8.
Nf3 Qe7 9. O-O O-O 10. Ba2 e5 11. h3 Bc7 12. Re1 h6 13. e4 Re8 14. Be3 exd4
15. Bxd4 Ne5 16. Nxe5 Bxe5 17. Bxe5 Qxe5 18. Qb3 Re7 19. Qb4 a5 20. Qb6 Be6
21. Bxe6 fxe6 22. Rad1 Rf7 23. Rd8+ Rxd8 24. Qxd8+ Kh7 25. Rd1 Qc5 26. Qd6
Qc4 27. Qe5 b5 28. Rd8 b4 29. axb4 axb4 30. Rd4 Qb3 31. Qb8 Qxb2 32. Qxb4
Qc1+ 33. Rd1 Qf4 34. Qc4 Nd5 35. Nxd5 exd5 36. Qxc6 Qxf2+ 37. Kh1 dxe4 38.
Qxe4+ g6 1/2-1/2

[Event "4th Stage Russian Cup"]
[Site "Samara RUS"]
[Date "2002.08.02"]
[Round "8"]
[White "Frolyanov,D"]
[Black "Khairullin,I"]
[Result "0-1"]
[WhiteElo "2448"]
[BlackElo "2329"]
[EventDate "2002.07.26"]

1. e4 c5 2. Nf3 Nf6 3. e5 Nd5 4. Nc3 Nxc3 5. dxc3 Nc6 6. Bf4 e6 7. Be2 Qc7
8. O-O b6 9. Qd2 Bb7 10. Rad1 h6 11. Rfe1 O-O-O 12. Bb5 g5 13. Bg3 Ne7 14.
Qe2 Nf5 15. Ba6 d5 16. exd6 Nxg3 17. hxg3 Bxd6 18. Bxb7+ Qxb7 19. Qc4 Rd7
20. b4 Rhd8 21. Rb1 Kb8 22. Qe2 cxb4 23. cxb4 g4 24. Nh2 h5 25. Nf1 Bc7 26.
c4 Rd4 27. a4 Qa6 28. Rec1 Qxa4 29. Ra1 Qc6 30. Qa2 Qb7 31. c5 Rxb4 32. c6
Qa8 33. Ne3 Rd6 34. Qa3 a5 35. Qc3 Rb5 36. Qf6 Ka7 37. Qxf7 Rxc6 38. Qd7
Rbc5 39. Rd1 Qb7 40. Qe8 b5 0-1

[Event "4th Stage Russian Cup"]
[Site "Samara RUS"]
[Date "2002.08.02"]
[Round "8"]
[White "Egorov,E"]
[Black "Kazancev,V"]
[Result "1-0"]
[WhiteElo "2444"]
[BlackElo "2343"]
[EventDate "2002.07.26"]

1. e4 c5 2. Nf3 Nc6 3. d4 cxd4 4. Nxd4 g6 5. c4 Bg7 6. Be3 Nh6 7. Nc3 O-O
8. Be2 f5 9. exf5 Nxf5 10. Nxf5 Rxf5 11. Rc1 d6 12. O-O Be6 13. b3 Bf7 14.
Qd2 e6 15. Bg4 Re5 16. Bf4 d5 17. cxd5 exd5 18. Bxe5 Nxe5 19. Bh3 Qh4 20.
f4 Nc6 21. Kh1 Rd8 22. Na4 Qf6 23. Nc5 b6 24. Nd3 d4 25. Bg4 Bh6 26. Rce1
a5 27. Bf3 Nb4 28. Nxb4 axb4 29. g3 Bf8 30. Qd3 Bc5 31. Re2 h5 32. h4 Kg7
33. Kh2 Rd7 34. Bg2 Ra7 35. Rff2 Rd7 36. Re5 Rc7 37. Rfe2 Qd8 38. R2e4 Ra7
39. Re2 Rc7 40. Bh3 Be7 41. Be6 Rc3 42. Qe4 Bxh4 43. Bxf7 Kxf7 44. Re6 Bf6
45. Qb7+ Qc7 46. Qd5 Kg7 47. Rd6 Qc8 48. Rd7+ Kh6 49. Qf7 Qh8 50. Re8 1-0

[Event "4th Stage Russian Cup"]
[Site "Samara RUS"]
[Date "2002.08.02"]
[Round "8"]
[White "Temirbaev,S"]
[Black "Blatov,I"]
[Result "1/2-1/2"]
[WhiteElo "2433"]
[BlackElo "2324"]
[EventDate "2002.07.26"]

1. d4 Nf6 2. c4 e6 3. Nf3 Bb4+ 4. Nbd2 b6 5. g3 Bb7 6. Bg2 O-O 7. O-O Bxd2
8. Bxd2 d6 9. Qc2 Be4 10. Qc1 Nbd7 11. Rd1 Qe7 12. Bc3 c5 13. dxc5 bxc5 14.
b3 Rfd8 15. Bb2 a5 16. Ne1 Bxg2 17. Nxg2 a4 18. Ne3 Nb8 19. Qc2 Nc6 20.
bxa4 Ne8 21. h4 1/2-1/2

[Event "4th Stage Russian Cup"]
[Site "Samara RUS"]
[Date "2002.08.02"]
[Round "8"]
[White "Driamin,D"]
[Black "Khismatullin,D"]
[Result "1/2-1/2"]
[WhiteElo "2323"]
[BlackElo "2428"]
[EventDate "2002.07.26"]

1. d4 Nf6 2. c4 g6 3. Nc3 Bg7 4. e4 d6 5. Be2 O-O 6. Nf3 e5 7. Be3 Na6 8.
O-O Qe8 9. dxe5 dxe5 10. h3 b6 11. Qc2 Bb7 12. a3 c6 13. b4 Qe7 14. c5 Nd7
15. Na4 b5 16. Nc3 Nc7 17. Rfd1 a5 18. bxa5 Ne6 19. Rac1 Rfc8 20. Na2 Bf8
21. Bd2 Qxc5 22. Bc3 Qe7 23. Qb2 f6 24. a4 Ndc5 25. axb5 cxb5 26. Bb4 Bxe4
27. Bxb5 Bxf3 28. gxf3 Nd4 29. Bc4+ Kh8 30. Bd5 Ra7 31. f4 Rd7 32. Bg2 Qd8
33. fxe5 fxe5 34. Nc3 Rb8 35. Qa3 Ncb3 36. Bxf8 Qxf8 37. Qxf8+ Rxf8 38. Rb1
Nxa5 39. Ne4 Nab3 40. Re1 Nc2 41. Red1 Nbd4 42. Rd2 Kg7 43. Rb6 Ne1 44. Ra2
Nef3+ 45. Bxf3 Nxf3+ 46. Kg2 Rd1 47. Ra7+ Kh6 48. Rf6 Nh4+ 49. Kh2 Rxf6 50.
Nxf6 Kg5 51. Nxh7+ Kf4 52. Rf7+ Nf5 1/2-1/2

[Event "4th Stage Russian Cup"]
[Site "Samara RUS"]
[Date "2002.08.02"]
[Round "8"]
[White "Kim,Se"]
[Black "Vulfson,V"]
[Result "1/2-1/2"]
[WhiteElo "2268"]
[BlackElo "2412"]
[EventDate "2002.07.26"]

1. e4 c5 2. Nf3 e6 3. d3 d5 4. Nbd2 Nc6 5. g3 g6 6. Bg2 Bg7 7. O-O Nge7 8.
Re1 O-O 9. e5 h6 10. h4 f5 11. exf6 Rxf6 12. c4 Qd6 13. Nf1 Rf7 14. Ne3 Bd7
15. Ng4 e5 16. Ne3 Raf8 17. cxd5 Nxd5 18. Nxd5 Qxd5 19. Nxe5 Qxg2+ 20. Kxg2
Rxf2+ 21. Kg1 Nxe5 22. Bf4 Ng4 23. Re7 Bf5 24. Qb3+ Kh8 25. Rxg7 Kxg7 26.
Re1 Rf7 27. Re8 Rf3 28. Qc3+ Nf6 29. Be5 Bxd3 30. Qxc5 g5 31. h5 Kh7 32.
Rf8 Nxh5 33. Rh8+ Kg6 34. Qd6+ Kf5 35. Rxh6 Kg4 36. Qd4+ Nf4 37. gxf4 gxf4
38. Rh2 Rf1+ 39. Kg2 Rd1 40. Kf2 Rd2+ 41. Kg1 Rd1+ 42. Kf2 Rd2+ 43. Ke1
Rxh2 44. Qxd3 Rf5 45. Qe4 b5 46. Bd4 a5 47. a3 a4 48. Kf1 Rfh5 49. Kg1 R2h3
50. Bf2 Rb3 51. Kg2 Kg5 52. Qd5+ Kg4 53. Qd1+ Kg5 54. Qd4 Kg4 55. Qg7+ Kf5
56. Qf7+ Kg5 57. Bd4 Rg3+ 58. Kf1 Rh1+ 59. Ke2 Rh2+ 60. Bf2 Rgg2 61. Qg8+
Kf5 62. Qd5+ Kg4 63. Qd7+ Kg5 64. Qxb5+ Kg4 65. Qd7+ Kg5 66. Qd5+ Kg4 67.
Qe6+ Kg5 68. Qg8+ Kf5 69. Qf7+ Kg5 70. Qg8+ Kf5 71. Qf7+ 1/2-1/2

[Event "4th Stage Russian Cup"]
[Site "Samara RUS"]
[Date "2002.08.02"]
[Round "8"]
[White "Torbin,K"]
[Black "Sunjaikin,B"]
[Result "1-0"]
[WhiteElo "2388"]
[BlackElo "2219"]
[EventDate "2002.07.26"]

1. d4 Nf6 2. Nf3 g6 3. c4 Bg7 4. g3 d5 5. cxd5 Nxd5 6. Bg2 O-O 7. O-O Nc6
8. e4 Nb6 9. d5 Na5 10. Nc3 c6 11. Bf4 cxd5 12. exd5 Nac4 13. Qe2 Bd7 14.
Rfd1 Rc8 15. Nd4 a6 16. Ne6 fxe6 17. dxe6 Nxb2 18. Qxb2 Rxc3 19. Qb1 Qe8
20. exd7 Nxd7 21. Qxb7 Nc5 22. Qa7 e5 23. Be3 Nd3 24. Qxa6 Qc8 25. Qb5 Nf4
26. gxf4 exf4 27. Qd5+ Kh8 28. Bd4 f3 29. Bxg7+ Kxg7 30. Qd7+ 1-0

[Event "4th Stage Russian Cup"]
[Site "Samara RUS"]
[Date "2002.08.02"]
[Round "8"]
[White "Iliushkin,E"]
[Black "Kotanjian,T"]
[Result "1/2-1/2"]
[WhiteElo "2292"]
[BlackElo "2388"]
[EventDate "2002.07.26"]

1. d4 d5 2. c4 c6 3. e3 Nf6 4. Nc3 a6 5. Qc2 g6 6. Bd3 Bg7 7. Nf3 Bg4 8.
Ne5 Be6 9. b4 O-O 10. O-O Nbd7 11. Nxd7 Nxd7 12. c5 f6 13. Bb2 Bf7 14. e4
dxe4 15. Nxe4 f5 16. Ng5 Nf6 17. Rfe1 Qd7 18. Nxf7 Kxf7 19. Bc4+ Nd5 20. a4
e6 21. Qb3 Rfe8 22. b5 axb5 23. axb5 Rxa1 24. Rxa1 Nc7 25. Ra7 Rb8 26. bxc6
Qxc6 27. Bc3 Bf6 28. g3 h5 29. Ra1 Rd8 30. Re1 Nd5 31. Ba5 Ra8 32. Bb5 Qc8
33. Bc3 h4 34. Bc4 Qc6 35. Bb5 Qc8 36. Bc4 1/2-1/2

[Event "4th Stage Russian Cup"]
[Site "Samara RUS"]
[Date "2002.08.02"]
[Round "8"]
[White "Sidorov,A"]
[Black "Shkliar,A"]
[Result "1/2-1/2"]
[WhiteElo "2384"]
[BlackElo "2249"]
[EventDate "2002.07.26"]

1. d4 Nf6 2. Nf3 e6 3. c4 c5 4. d5 exd5 5. cxd5 d6 6. Nc3 g6 7. g3 Bg7 8.
Bg2 O-O 9. O-O Re8 10. Nd2 a6 11. a4 Nbd7 12. Nc4 Ne5 13. Nxe5 Rxe5 14. Bf4
Re8 15. Re1 Nh5 16. Bd2 f5 17. Qc1 Nf6 18. Bh6 Ne4 19. Bxg7 Kxg7 20. Nd1
Bd7 21. a5 Nf6 22. Ne3 Bb5 23. Qc3 Kg8 24. Ra3 Nd7 25. Raa1 Ne5 26. Bf1 b6
27. b3 Rb8 28. Red1 bxa5 29. Rxa5 Rb6 30. Ng2 Qb8 31. Ra3 Qb7 32. Nf4 Bd7
33. e3 Rb8 34. Bc4 Bb5 35. Nd3 Bxc4 36. bxc4 Rb1 37. Ra1 Rxd1+ 38. Rxd1
Nxd3 39. Qxd3 Qb2 40. Re1 Rb3 41. Qd1 a5 1/2-1/2